[Event "Ada Open"]
[Site "Belgrade SCG"]
[Date "2005.08.19"]
[Round "5"]
[White "Nestorovic,L"]
[Black "Petrovic,Pe"]
[Result "1-0"]
[WhiteElo "1983"]
[BlackElo "2174"]

1.e4 d5 2.exd5 Qxd5 3.Nc3 Qd8 4.d4 c6 5.Bc4 Nf6 6.Nf3 Bf5 7.Be3 e6 8.O-O Nbd7
9.a3 h6 10.Bd3 Bxd3 11.Qxd3 Be7 12.Ne5 O-O 13.f4 Qc7 14.b4 Rfd8 15.Nxd7 Rxd7
16.Ne4 Nxe4 17.Qxe4 Bf6 18.g4 Rad8 19.c3 g6 20.f5 exf5 21.gxf5 Re7 22.Qf3 g5
23.Rae1 Rde8 24.Bf2 Rxe1 25.Rxe1 Rxe1+ 26.Bxe1 Qd7 27.Bg3 Be7 28.Qe4 Kf8
29.c4 a5 30.bxa5 Bxa3 31.d5 cxd5 32.cxd5 Qe7 33.Qd3 Bc5+ 34.Kg2 Qe3 35.Bd6+ Kg8
36.Qxe3 Bxe3 37.Be7 f6 38.Bxf6 Kf7 39.Bc3 Bf4 40.h3 Ke7 41.Kf3 Bd6 42.Ke4 h5
43.f6+ Kf7 44.Kf5 g4 45.hxg4 hxg4 46.Kxg4 Kg6 47.Kf3 Kf5 48.Ke3 Kg6 49.Kd3 Kf7
50.Kc4 Bc7 51.Kc5 Ke8 52.d6 Bd8 53.Kd5 Kf7 54.d7 Bc7  1-0

[Event "39th Open"]
[Site "Mislata ESP"]
[Date "2005.08.19"]
[Round "2"]
[White "Gongora,M"]
[Black "Morejon,E"]
[Result "1-0"]
[WhiteElo "2466"]
[BlackElo "2103"]

1.e4 d5 2.exd5 Qxd5 3.Nc3 Qd6 4.d4 Nf6 5.Nf3 a6 6.g3 b5 7.Bg2 Bb7 8.O-O e6
9.Bf4 Qb6 10.a4 Bd6 11.Be3 b4 12.a5 Qa7 13.d5 Bc5 14.dxe6 Bxe3 15.exf7+ Kxf7
16.Ne5+ Ke7 17.Bxb7 Qxb7 18.Qd3 bxc3 19.Qxe3 Re8 20.Qc5+ Ke6 21.Rae1 Ne4
22.Qd4 Qd5 23.Qxe4 Qxe4 24.Rxe4 Kd5 25.Rfe1 Nc6 26.f4 Nd4 27.R4e3 Nxc2 28.Rd1+ Ke6
29.Rxc3 Nb4 30.Rxc7 Re7 31.Rxe7+ Kxe7 32.Rd7+ Kf6 33.Rf7+  1-0

[Event "41st Rubinstein Mem Open A"]
[Site "Polanica Zdroj POL"]
[Date "2005.08.19"]
[Round "1"]
[White "Walach,M"]
[Black "Szwed,J"]
[Result "1/2-1/2"]
[WhiteElo "2367"]
[BlackElo "2162"]

1.e4 d5 2.exd5 Qxd5 3.Nc3 Qd6 4.d4 Nf6 5.g3 Bg4 6.f3 Bf5 7.Bd3 Bxd3 8.Qxd3 Nc6
9.Nb5 Qd7 10.Ne2 O-O-O 11.Bf4 Nd5 12.O-O-O Nxf4 13.Nxf4 a6 14.d5 Nb4 15.Na7+ Kb8
16.Nc6+ bxc6 17.Qb3 c5 18.a3 Qb5 19.axb4 g5 20.Nd3 c4 21.Qc3 Rg8 22.Nc5 a5
23.Qa3 axb4 24.Qxb4 Qxb4 25.Na6+ Kb7 26.Nxb4 e6 27.Nc6 Rxd5 28.Nd8+ Kb6 29.Rxd5 exd5
30.Nxf7 Rg7 31.Ne5 Re7 32.Re1 Kb5 33.Kd1 Bg7 34.f4 gxf4 35.gxf4 Bxe5 36.fxe5 d4
37.e6 Kc5 38.Re4 Kd5 39.Rh4 c5 40.Rh6 Ke5  1/2-1/2

[Event "15th ch-SLO"]
[Site "Ptuj SLO"]
[Date "2005.08.19"]
[Round "9"]
[White "Napast,V"]
[Black "Djurkovic,M"]
[Result "1/2-1/2"]
[WhiteElo "2045"]
[BlackElo "2205"]

1.e4 d5 2.exd5 Qxd5 3.Nc3 Qd6 4.Nf3 Nf6 5.Be2 a6 6.O-O Bf5 7.b3 e6 8.a4 c5
9.d4 Nc6 10.Be3 Rd8 11.dxc5 Qc7 12.Qc1 Nb4 13.Nd4 Rxd4 14.Bxd4 Nxc2 15.Bxf6 Nxa1
16.Nb5 Qxc5 17.Bxa1 Qxc1 18.Rxc1 axb5 19.Bxb5+ Kd8 20.Bd4 Be4 21.Bb6+ Ke7
22.Rc8 f5 23.Bd8+ Kd6 24.Bc7+ Ke7 25.Be5 Rg8 26.Rc7+ Kd8 27.Rd7+ Kc8 28.Rd1 Bd5
29.Rc1+ Kd8 30.Bc7+ Ke7 31.Be5 h6 32.Rc8 g5 33.Rc7+ Kd8 34.Rd7+ Kc8 35.Rc7+ Kd8
36.Rd7+  1/2-1/2

[Event "Masters"]
[Site "Abu Dhabi UAE"]
[Date "2005.08.20"]
[Round "6"]
[White "Nadig,K"]
[Black "Mansour,A"]
[Result "1-0"]
[WhiteElo "2198"]
[BlackElo "2018"]

1.e4 d5 2.exd5 Qxd5 3.Nc3 Qd6 4.d4 Nf6 5.h3 a6 6.a4 Nc6 7.Nf3 h6 8.Be2 Bf5
9.Be3 e6 10.O-O Be7 11.Bc4 Rd8 12.Qe2 O-O 13.Rad1 Nb4 14.Bb3 Nbd5 15.Bc1 Nxc3
16.bxc3 c5 17.Ne5 Qc7 18.Bb2 Nd5 19.c4 Nf6 20.d5 exd5 21.cxd5 Bd6 22.f4 Rfe8
23.Qf3 b5 24.axb5 axb5 25.c4 b4 26.g4 Bc8 27.Nc6 Rd7 28.Bc2 Bb7 29.Bxf6 gxf6
30.Qd3 f5 31.Qxf5 f6 32.Qg6+ Kf8 33.Qxh6+ Kg8 34.Qg6+ Kf8 35.Qxf6+  1-0

[Event "2nd Dato' Arthur Tan Malaysian Open"]
[Site "Kuala Lumpur MAS"]
[Date "2005.08.20"]
[Round "1"]
[White "Zhang Jilin"]
[Black "Aplin,C"]
[Result "1/2-1/2"]
[WhiteElo "2356"]
[BlackElo "1947"]

1.e4 d5 2.exd5 Qxd5 3.Nc3 Qd6 4.d4 Nf6 5.Nf3 a6 6.Be2 Nc6 7.O-O Bf5 8.g3 O-O-O
9.Be3 e5 10.dxe5 Nxe5 11.Qc1 Bh3 12.Nxe5 Qxe5 13.Rd1 Bc5 14.Bxc5 Rxd1+ 15.Qxd1 Qxc5
16.Bf1 Bxf1 17.Qxf1 Rd8 18.Qe2 Qf5 19.Kg2 Re8 20.Qd3 Qxd3 21.cxd3 Rd8 22.Rd1 Nd5
23.Kf3 Nxc3 24.bxc3 Rd5 25.Ke4 c6 26.d4 Kd7 27.h4 h5 28.Rd2 Ke6 29.Rb2 Rb5
30.Re2 g6 31.f3 f6 32.g4 Rb1 33.c4 Rh1 34.d5+ cxd5+ 35.cxd5+ Kd6 36.Rb2 b5
37.a4 Re1+ 38.Kf4 Kxd5 39.axb5 hxg4 40.b6 Re8 41.b7 Rb8 42.fxg4 a5 43.h5 gxh5
44.gxh5 a4 45.Kf5 a3 46.Ra2 Rxb7 47.Rxa3 Rb1 48.Rd3+ Kc4 49.Rd8 Rb5+ 50.Kg6 Rg5+
51.Kh6 Kc5 52.Rf8 Kd5 53.Rxf6 Rg1 54.Rg6 Rh1 55.Rg5+ Ke6 56.Kg7 Rf1 57.h6 Rf7+
58.Kg8 Ra7 59.Rg7 Ra8+ 60.Kh7 Kf6 61.Rg6+ Kf7 62.Rg1 Kf6 63.Rf1+ Kg5 64.Rg1+ Kf6
65.Rg7 Rb8 66.Ra7 Rc8 67.Ra6+ Kf7 68.Ra1 Kf6 69.Rf1+ Kg5 70.Rg1+ Kf6 71.Rg8 Rc7+
72.Kh8 Ra7 73.Rb8 Kg6 74.Rb6+ Kf7 75.Kh7 Ra8 76.Rb7+ Kf6 77.Rg7 Rb8 78.Rg8 Rb7+
79.Kh8 Ra7 80.h7 Rb7 81.Rf8+ Kg6 82.Rg8+  1/2-1/2

[Event "Rudenko mem"]
[Site "St Petersburg RUS"]
[Date "2005.08.21"]
[Round "2"]
[White "Donets,V"]
[Black "Danielian,E"]
[Result "1-0"]
[WhiteElo "2237"]
[BlackElo "2433"]

1.e4 d5 2.exd5 Qxd5 3.Nc3 Qd6 4.d4 Nf6 5.Nf3 a6 6.g3 Bg4 7.h3 Bh5 8.Bg2 Nc6
9.O-O O-O-O 10.Be3 e5 11.dxe5 Nxe5 12.g4 Bg6 13.Qe2 Nc6 14.a3 Qe6 15.b4 h5
16.g5 Ne4 17.Nxe4 Bxe4 18.b5 axb5 19.Qxb5 Qf5 20.Qxf5+ Bxf5 21.c3 Bd6 22.Nd4 Nxd4
23.Bxd4 Bf4 24.h4 Rhe8 25.Bxg7 c5 26.Rad1 Bd2 27.Bf3 Bg6 28.c4 Rd3 29.Bd5 Re2
30.Rb1 Be4 31.Rb5 Bxd5 32.cxd5 Rxd5 33.Rd1 Re4 34.Bc3 Re2 35.Kf1 Bxc3 36.Rxd5 Re1+
37.Kg2 Bd4 38.Rf5 Re7 39.Rbxc5+ Bxc5 40.Rxc5+ Kd7 41.Kf3 Ke6 42.Kf4 Kd6 43.Rf5 Re2
44.f3 Ke6 45.Rf6+ Ke7 46.Rh6 Ra2 47.Rxh5 Rxa3 48.Rh8 b5 49.Rb8 Ra4+ 50.Kg3 b4
51.h5 Ra5 52.Kg4 f6 53.f4 fxg5 54.fxg5 Kf7 55.Rxb4 Ra7 56.h6 Kg6 57.Rb6+ Kh7
58.Kh5 Ra5 59.Rb7+ Kg8 60.Re7 Rb5 61.Kg6 Rb6+ 62.Kf5 Rb5+ 63.Re5 Rb1 64.Kf6 Rf1+
65.Rf5 Ra1 66.g6 Ra7 67.Kg5 Ra8 68.g7 Kh7 69.Rf8 Rxf8 70.gxf8=B Kg8 71.Bc5  1-0

[Event "Masters"]
[Site "Abu Dhabi UAE"]
[Date "2005.08.22"]
[Round "8"]
[White "Aryanejad,H"]
[Black "Boricsev,O"]
[Result "1/2-1/2"]
[WhiteElo "2288"]
[BlackElo "2373"]

1.e4 d5 2.exd5 Qxd5 3.Nc3 Qd6 4.d4 Nf6 5.Bc4 a6 6.Bb3 Nc6 7.Nge2 g6 8.Bf4 Qd8
9.Qd2 Na5 10.O-O-O Nxb3+ 11.axb3 c6 12.f3 Be6 13.Be5 h5 14.Kb1 Bh6 15.Qe1 Qa5
16.Qh4 g5 17.Qf2 O-O-O 18.d5 Nxd5 19.Bxh8 Rxh8 20.Nxd5 cxd5 21.f4 gxf4 22.Nxf4 Bxf4
23.Qxf4 Qc7 24.Qd4 Rg8 25.Rd3 Kb8 26.Rc3 Qd6 27.g3 f6 28.Rf1 Rg4 29.Rf4 Rg5
30.Qf2 Bd7 31.Rd3 Re5 32.Rd1 Bg4 33.Re1 Rxe1+ 34.Qxe1 e5 35.Rf2 e4 36.Qe3 Qe5
37.Rd2 h4 38.c4 hxg3 39.hxg3 dxc4 40.bxc4 Be6 41.b3 a5 42.Qf4 Qxf4 43.gxf4 Kc7
44.Kb2 Bg4 45.Rg2 f5 46.Rg3 Kc6 47.Kc3 Kc5 48.Re3 b5 49.cxb5 Kxb5 50.Re1 Bf3
51.Kd4 Bg4 52.Rg1 Kb4 53.Ra1  1/2-1/2

[Event "25th Open"]
[Site "Bratto ITA"]
[Date "2005.08.22"]
[Round "3"]
[White "Sax,G"]
[Black "Brancaleoni,M"]
[Result "0-1"]
[WhiteElo "2568"]
[BlackElo "2314"]

1.e4 d5 2.exd5 Qxd5 3.Nc3 Qd6 4.d4 Nf6 5.Nf3 c6 6.Ne5 Nbd7 7.Nc4 Qc7 8.Qf3 Nb6
9.Ne5 Be6 10.Bd3 Nbd7 11.Bf4 Nxe5 12.Bxe5 Qb6 13.O-O Nd7 14.Ne2 Nxe5 15.dxe5 h5
16.h3 g5 17.Bf5 Bd5 18.Be4 Bxe4 19.Qxe4 e6 20.Rad1 Bg7 21.Nd4 O-O-O 22.b3 g4
23.hxg4 hxg4 24.g3 Qc5 25.Rfe1 Rh5 26.Nxe6 fxe6 27.Rxd8+ Kxd8 28.Qxg4 Rf5
29.Rd1+ Kc8 30.Rd2 Qxe5 31.Kg2 Qf6 32.c4 Qe7 33.b4 Rf8 34.Re2 Re8 35.b5 c5
36.f4 Kb8 37.f5 e5 38.Rf2 Bf6 39.Rd2 Rd8 40.Rd5 Kc7 41.Qe4 Rh8 42.Rd2 Qh7
43.Kg1 Qh3  0-1

[Event "2nd Dato' Arthur Tan Malaysian Open"]
[Site "Kuala Lumpur MAS"]
[Date "2005.08.23"]
[Round "7"]
[White "Mok Tze Meng"]
[Black "Aplin,C"]
[Result "1-0"]
[WhiteElo "2351"]
[BlackElo "1947"]

1.e4 d5 2.exd5 Qxd5 3.Nc3 Qd6 4.Nf3 Nf6 5.d4 a6 6.Be2 Nc6 7.O-O Bf5 8.Be3 O-O-O
9.a3 e5 10.dxe5 Nxe5 11.Qc1 Nxf3+ 12.Bxf3 Ng4 13.Bf4 Qg6 14.Nd5 Bd6 15.h3 Nf6
16.Bxd6 Nxd5 17.Bg3 Bxc2 18.Re1 Rd7 19.Re2 Bb3 20.Re5 Kb8 21.Qd2 Rhd8 22.Rc1 Qb6
23.Qe2 Ka8 24.Bg4 f5 25.Bxf5 Rf7 26.Bxh7 Nf4 27.Qe3 Qh6 28.Bxf4 Rxf4 29.Qxb3 Qxh7
30.Rxc7 Rb8 31.Re8 Qb1+ 32.Kh2  1-0

[Event "2nd Dato' Arthur Tan Malaysian Open"]
[Site "Kuala Lumpur MAS"]
[Date "2005.08.24"]
[Round "8"]
[White "Sorbe,S"]
[Black "Hossain,Enam"]
[Result "1-0"]
[WhiteElo "2340"]
[BlackElo "2473"]

1.e4 d5 2.exd5 Qxd5 3.Nc3 Qd6 4.d4 Nf6 5.Bc4 a6 6.Nge2 e6 7.Bf4 Qd8 8.a4 Be7
9.Qd3 Nc6 10.O-O O-O 11.Rad1 Nb4 12.Qd2 Nfd5 13.Bg3 b6 14.Rfe1 Bb7 15.Nxd5 Nxd5
16.c3 Qd7 17.Bb3 Rfe8 18.Qd3 Bd6 19.Bc2 g6 20.Bxd6 cxd6 21.Qg3 b5 22.h4 bxa4
23.h5 Rac8 24.Ra1 Bc6 25.Nf4 Nxf4 26.Qxf4 e5 27.dxe5 dxe5 28.Qg5 e4 29.Red1 Qe7
30.Qxe7 Rxe7 31.Bxa4 gxh5 32.Rd6 Bb7 33.Re1 Rc5 34.Re3 Rg5 35.Bc6 Bxc6 36.Rxc6 Rg6
37.Rc5 h4 38.Rh5 Ree6 39.Rxh4 f5 40.f3 exf3 41.Rxf3 Re1+ 42.Rf1 Rxf1+ 43.Kxf1 Kg7
44.b4 Rc6 45.c4 Kg6 46.Ke2 Kg5 47.Rd4 Kf6 48.Kd3 h6 49.Rd5 h5 50.Kd4 Re6
51.c5 Re4+ 52.Kc3 Re1 53.Rd6+ Ke5 54.Rxa6 Re2 55.Rg6 Kd5 56.Rd6+ Ke5 57.Rd2 Re3+
58.Rd3 Re1 59.b5 f4 60.c6 Rc1+ 61.Kb4 h4 62.Rh3 Rc2 63.Rxh4 Rb2+ 64.Kc5 Rc2+
65.Kb6 Rxg2 66.c7  1-0

[Event "2nd Dato' Arthur Tan Malaysian Open"]
[Site "Kuala Lumpur MAS"]
[Date "2005.08.24"]
[Round "9"]
[White "Lim Kian Hwa"]
[Black "Aplin,C"]
[Result "0-1"]
[WhiteElo "2106"]
[BlackElo "1947"]

1.e4 d5 2.exd5 Qxd5 3.Nc3 Qd6 4.d4 Nf6 5.Nf3 a6 6.a4 Nc6 7.h3 Bf5 8.Bc4 e6
9.O-O O-O-O 10.Be3 h6 11.Qe2 g5 12.g4 Nxg4 13.hxg4 Bxg4 14.Bxa6 bxa6 15.Qxa6+ Kd7
16.Ne4 Bxf3 17.Nxd6 Bxd6 18.c3 h5 19.Qd3 g4 20.Bg5 h4 21.Bxd8 Nxd8 22.a5 h3
23.Qxf3 gxf3 24.Kh1 Rg8 25.Rg1 Rg2 26.Rxg2 hxg2+ 27.Kg1 f5 28.b4 Nf7  0-1

[Event "41st Rubinstein Mem Open A"]
[Site "Polanica Zdroj POL"]
[Date "2005.08.24"]
[Round "6"]
[White "Bulski,K"]
[Black "Bugalski,M"]
[Result "1/2-1/2"]
[WhiteElo "2260"]
[BlackElo "2204"]

1.e4 d5 2.exd5 Qxd5 3.Nc3 Qd6 4.d4 Nf6 5.Bc4 a6 6.Bb3 Bg4 7.f3 Bh5 8.Nge2 Nc6
9.Bf4 e5 10.dxe5 Nxe5 11.Qxd6 Bxd6 12.Bg3 O-O-O 13.O-O-O g5 14.Rd2 Rde8 15.f4 gxf4
16.Nxf4 Bg4 17.Bh4 Ned7 18.Rf1 Ne4 19.Nxe4 Rxe4 20.Bg3 Rhe8 21.Nd3 Bxg3 22.hxg3 f6
23.Bd5 Re3 24.Bf3 Rg8 25.Rh1 Re7 26.Bd5 Rg5 27.Nf4 Bf5 28.Ne2 Nb6 29.Bb3 Bg4
30.Nf4 Rge5 31.Rf2 Re3 32.Nd3 Bd7 33.Rh6 Rxg3 34.Bg8 Bf5 35.Rxf5 Rxg8 36.Nf4 c6
37.b3 Re5 38.Rhxf6 Re1+ 39.Kd2 Re7 40.Rf7 Kd8 41.Rxe7  1/2-1/2

[Event "2nd Dato' Arthur Tan Malaysian Open"]
[Site "Kuala Lumpur MAS"]
[Date "2005.08.26"]
[Round "11"]
[White "Tan Lian Ann"]
[Black "Aplin,C"]
[Result "1/2-1/2"]
[WhiteElo "2302"]
[BlackElo "1947"]

1.e4 d5 2.exd5 Qxd5 3.Nc3 Qd6 4.d4 Nf6 5.Nf3 a6 6.Bc4 Nc6 7.Be3 b5 8.Bb3 Na5
9.Qd2 Bb7 10.O-O-O Nxb3+ 11.axb3 e6 12.h4 Be7 13.h5 h6 14.Bf4 Qb6 15.Be5 O-O-O
16.Qe2 Rhg8 17.Kb1 Nd5 18.Nxd5 Bxd5 19.c4 Bb7 20.Rc1 Rd7 21.Rhd1 Qc6 22.d5 exd5
23.Nd4 Qb6 24.cxb5 Bc5 25.bxa6 Bxa6 26.Qc2 Bd6 27.Bxd6 Qxd6 28.Qc5 Qxc5 29.Rxc5 Re8
30.b4 Be2 31.Nxe2 Rxe2 32.Rcxd5 Rxd5 33.Rxd5 Rxf2 34.g4 Rf4 35.g5 Rxb4 36.Rf5 Rg4
37.gxh6 gxh6 38.Kc2  1/2-1/2

[Event "25th Open"]
[Site "Bratto ITA"]
[Date "2005.08.27"]
[Round "8"]
[White "Groszpeter,A"]
[Black "Jones,G"]
[Result "1/2-1/2"]
[WhiteElo "2525"]
[BlackElo "2442"]

1.e4 d5 2.exd5 Qxd5 3.Nc3 Qd6 4.d4 Nf6 5.Nf3 a6 6.Be3 Nc6 7.Bc4 b5 8.Bd3 Nb4
9.Be2 Nbd5 10.Nxd5 Nxd5 11.c4 bxc4 12.Bxc4 Qb4+ 13.Nd2 e6 14.Bb3 Bd7 15.O-O Bd6
16.Ne4 O-O 17.Rc1 Qb7 18.Nc5 Bxc5 19.Rxc5 Bc6 20.Qd2 Ne7 21.f3 Bd5 22.Ba4 Rfd8
23.Rfc1 c6 24.Qc2 Rab8 25.b3 Qb4 26.Qc3 Qb7 27.Bf2 Rbc8 28.h3 h6 29.Bh4 f6
30.Bf2 Kf7 31.a3 g5 32.b4 h5 33.Qd3 Rh8 34.Bd1 Rcg8 35.Ra5 g4 36.fxg4 hxg4
37.hxg4 c5 38.Bf3 Qb8 39.Raxc5 Qh2+ 40.Kf1 Rxg4 41.Rxd5 Nxd5 42.Bxg4 Qf4
43.Bxe6+ Kxe6 44.Re1+ Kf7 45.Qf3 Rh1+ 46.Ke2 Rxe1+ 47.Kxe1 Qc1+ 48.Qd1 Qc4
49.Qh5+ Kg7 50.Qe2 Qc1+ 51.Qd1 Qc4 52.Qe2 Qc1+ 53.Qd1 Qc4 54.Qe2  1/2-1/2

[Event "13th Open"]
[Site "Nikaia GRE"]
[Date "2005.08.27"]
[Round "6"]
[White "Tsiropoulas,A"]
[Black "Babaniotis,E"]
[Result "1-0"]
[WhiteElo "1937"]
[BlackElo "2072"]

1.e4 d5 2.exd5 Qxd5 3.Nc3 Qd8 4.d4 Nf6 5.h3 c6 6.Nf3 Bf5 7.Bc4 e6 8.Qe2 Be7
9.Bf4 O-O 10.g4 Bg6 11.O-O-O b5 12.Bd3 Qa5 13.Bxg6 hxg6 14.Ne5 Bb4 15.Nb1 Qxa2
16.h4 Qd5 17.h5 gxh5 18.g5 Qe4 19.Be3 Ng4 20.Rxh5 Nxe5 21.dxe5 f5 22.Rh8+ Kf7
23.Qh5+ Ke7 24.Rxf8  1-0

[Event "13th Open"]
[Site "Nikaia GRE"]
[Date "2005.08.28"]
[Round "7"]
[White "Iordanidou,Z"]
[Black "Papadopoulou,V"]
[Result "0-1"]
[WhiteElo "1992"]
[BlackElo "2212"]

1.e4 d5 2.exd5 Qxd5 3.Nc3 Qd6 4.d4 c6 5.h3 Nf6 6.Nf3 Bf5 7.Bd3 Bg6 8.Be3 e6
9.Ne5 Nbd7 10.Nc4 Qc7 11.Bxg6 hxg6 12.Qf3 Nd5 13.Bd2 Be7 14.Ne4 Rh4 15.g3 Rh5
16.g4 Rh8 17.Bg5 N7f6 18.Bxf6 gxf6 19.Qg3 O-O-O 20.O-O-O Qf4+ 21.Ncd2 f5
22.gxf5 gxf5 23.Nc3 Qxd4 24.Nde4 Qb6 25.Nxd5 cxd5 26.Qc3+ Qc6 27.Qxc6+ bxc6
28.Nc3 Rh4 29.Rd3 e5 30.Nd1 e4 31.Rb3 f4 32.Rg1 Rh7 33.Rc3 Kc7 34.a3 Bf6
35.Rb3 Rdh8 36.Rh1 f3  0-1

[Event "Paul Keres Mem B"]
[Site "Tallinn EST"]
[Date "2005.08.30"]
[Round "1"]
[White "Asauskas,H"]
[Black "Narva,J"]
[Result "0-1"]
[WhiteElo "2348"]
[BlackElo "2300"]

1.e4 d5 2.exd5 Qxd5 3.Nc3 Qd6 4.d4 a6 5.Nge2 Bf5 6.Ng3 Bg6 7.h4 h6 8.h5 Bh7
9.Bd3 Bxd3 10.Qxd3 Nf6 11.Be3 Nc6 12.O-O-O Nb4 13.Qe2 e6 14.a3 Nbd5 15.Nxd5 Nxd5
16.c4 Nxe3 17.Qxe3 Be7 18.Kb1 Qc6 19.Qe2 O-O 20.d5 Qb6 21.Ka2 Bf6 22.dxe6 fxe6
23.Ne4 Bd4 24.f3 e5 25.Rh4 Qe6 26.Nd2 c5 27.Re4 Qf7 28.Rh1 b5 29.b3 Rab8
30.Rh3 Rb7 31.Rg4 bxc4 32.Qxc4 Qxc4 33.Nxc4 Rfb8 34.f4 e4 35.f5 e3 36.f6 Re8
37.Nxe3 Rxe3 38.Rxe3 Bxe3 39.Ra4 Ra7 40.fxg7 Rxg7 41.g4 Ra7 42.Kb1 Rf7 43.Kc2 Rf6  0-1

[Event "Paul Keres Mem B"]
[Site "Tallinn EST"]
[Date "2005.09.03"]
[Round "7"]
[White "Zjukin,S"]
[Black "Narva,J"]
[Result "1-0"]
[WhiteElo "2359"]
[BlackElo "2300"]

1.e4 d5 2.exd5 Qxd5 3.Nc3 Qd6 4.d4 g6 5.Nf3 Bg7 6.Bc4 Be6 7.Qe2 Bxc4 8.Qxc4 Qc6
9.Qb3 Nd7 10.O-O Ngf6 11.Re1 Qb6 12.Qc4 O-O 13.Rxe7 Rae8 14.Rxe8 Rxe8 15.Qb5 c6
16.Qxb6 Nxb6 17.Kf1 Nfd5 18.Nxd5 Nxd5 19.Bd2 b5 20.c3 a5 21.a4 Ra8 22.Ke2 Nb6
23.axb5 cxb5 24.b3 a4 25.bxa4 bxa4 26.Kd3 Rc8 27.Ne1 Nc4 28.Bc1 Nb6 29.Nc2 f5
30.Rb1 Rc6 31.Nb4 Re6 32.Be3 Rd6 33.g3 Nd7 34.Bf4 Rb6 35.Ra1  1-0

[Event "TCh-FIN 2005-6"]
[Site "Turku FIN"]
[Date "2005.09.10"]
[Round "1"]
[White "Nokso Koivisto,An"]
[Black "Kivisto,M"]
[Result "1/2-1/2"]
[WhiteElo "2216"]
[BlackElo "2307"]

1.e4 d5 2.exd5 Qxd5 3.Nc3 Qd6 4.d4 a6 5.Nge2 Bg4 6.f3 Bf5 7.Bf4 Qd7 8.Qd2 Nf6
9.Ng3 Bg6 10.O-O-O Nc6 11.a3 e6 12.d5 exd5 13.Nxd5 Nxd5 14.Qxd5 O-O-O  1/2-1/2

[Event "EYb18"]
[Site "Herceg Novi SCG"]
[Date "2005.09.14"]
[Round "1"]
[White "Stopa,Ja"]
[Black "McPhillips,K"]
[Result "1-0"]
[WhiteElo "2460"]
[BlackElo "2225"]

1.e4 d5 2.exd5 Qxd5 3.Nc3 Qd6 4.Nf3 Nf6 5.g3 Bg4 6.Bg2 Nc6 7.h3 Bh5 8.d3 O-O-O
9.O-O e5 10.g4 Bg6 11.Nh4 a6 12.Rb1 Be7 13.b4 Nd4 14.f4 Nd7 15.Nxg6 hxg6
16.Ne4 Qb6 17.Be3 f5 18.Nc5 Nc6 19.fxe5 f4 20.Bf2 Nxc5 21.bxc5 Qa5 22.Bxc6 bxc6
23.Qf3  1-0

[Event "EYg18"]
[Site "Herceg Novi SCG"]
[Date "2005.09.14"]
[Round "1"]
[White "Borosova,Z"]
[Black "Plivcevic,I"]
[Result "1-0"]
[WhiteElo "2222"]
[BlackElo "2021"]

1.e4 d5 2.exd5 Qxd5 3.Nc3 Qd8 4.d4 c6 5.Bc4 Nf6 6.Nf3 Bf5 7.Ne5 e6 8.g4 Bg6
9.h4 Nbd7 10.Qe2 Bb4 11.f3 Nxe5 12.dxe5 Nd5 13.Bxd5 Qxd5 14.h5 Bxc2 15.Qxc2 Qxf3
16.Rg1 Bc5 17.Qg2 Qd3 18.Rh1 O-O-O 19.Bg5 f6 20.Rd1 Qc4 21.exf6 Rxd1+ 22.Kxd1 gxf6
23.Bd2 e5 24.Qe4 Qe6 25.Qf5 Qxf5 26.gxf5 Bd4 27.Ne4 Bxb2 28.Rg1 Rd8 29.Rg7 Rd4
30.Nc5 Rd5 31.Ne6 Bc3 32.Rg8+ Kd7 33.Rd8+ Ke7 34.Rxd5 cxd5 35.Bxc3  1-0

[Event "ch-IRI"]
[Site "Tehran IRI"]
[Date "2005.09.15"]
[Round "5"]
[White "Mohajerin,P"]
[Black "Toufighi,H"]
[Result "1/2-1/2"]
[WhiteElo "2334"]
[BlackElo "2170"]

1.e4 d5 2.exd5 Qxd5 3.Nc3 Qd8 4.d4 Nf6 5.Bg5 c6 6.Qd2 Bf5 7.O-O-O e6 8.Bd3 Bxd3
9.Qxd3 Nbd7 10.Nf3 Qa5 11.Kb1 Be7 12.Ne5 Rd8 13.f4 c5 14.Nc4 Qa6 15.d5 Nb6
16.Nxb6 Qxb6 17.Qe2 O-O 18.dxe6 Qxe6 19.Qxe6 fxe6 20.Rhe1 Kf7 21.g3 h6 22.Bxf6 gxf6
23.f5 Rxd1+ 24.Rxd1 Rd8 25.Rxd8 Bxd8 26.g4 h5 27.h3 hxg4 28.hxg4 exf5 29.gxf5 Kg7
30.Ne4 Be7 31.Nc3 Kh6 32.Nd5 Bd8 33.Nf4 Bc7 34.Ne6 Bd6 35.Nd8 Be7 36.Nxb7 Kg5
37.Na5 Bd6 38.Kc1 Kxf5 39.Kd2 Ke4 40.Nc4 Bc7 41.Ke2 f5 42.Nd2+ Kf4 43.c3 Kg3
44.b4 cxb4 45.cxb4 Kg2 46.b5 f4 47.a4 Ba5 48.Nf3 Bc3 49.Nh4+ Kg3 50.Nf3 Bf6
51.a5 Bd8 52.b6 Bxb6 53.axb6 axb6 54.Nd4 Kg2 55.Kd3  1/2-1/2

[Event "4th Kesarovski - Georgiev Memorial"]
[Site "Sunny Beach BUL"]
[Date "2005.09.18"]
[Round "3"]
[White "Radulski,J"]
[Black "Nikolov,Sas"]
[Result "1-0"]
[WhiteElo "2502"]
[BlackElo "2400"]

1.e4 d5 2.exd5 Qxd5 3.Nc3 Qd6 4.d4 Nf6 5.Nf3 a6 6.a3 b5 7.Ne5 Bb7 8.Bf4 Nbd7
9.Be2 Nxe5 10.dxe5 Qxd1+ 11.Rxd1 Nd7 12.e6 fxe6 13.O-O O-O-O 14.Bg4 g5 15.Be3 h5
16.Bxe6 Rh6 17.Ba2 Rg6 18.Bf7 Rg7 19.Bxh5 g4 20.f3 g3 21.hxg3 Nf6 22.Rxd8+ Kxd8
23.g4 Nxh5 24.gxh5 Rh7 25.g4 Bg7 26.Kg2 Bxc3 27.bxc3 Ke8 28.Kg3 Bd5 29.Bd4 Rh6
30.Rh1 Rh7 31.h6 Kf7 32.Bg7 c6 33.Re1 e6 34.f4 Kg6 35.Re5 Ba2 36.f5+ exf5
37.gxf5+ Kf7 38.Kf4  1-0

[Event "It"]
[Site "Klaksvik FAI"]
[Date "2005.09.19"]
[Round "5"]
[White "Ziska,H"]
[Black "Fries Nielsen,JO"]
[Result "1/2-1/2"]
[WhiteElo "2177"]
[BlackElo "2381"]

1.e4 d5 2.exd5 Qxd5 3.Nc3 Qd6 4.d4 Nf6 5.Nf3 a6 6.g3 e6 7.Bg2 Be7 8.O-O Nc6
9.Bf4 Qd8 10.Ne2 Nd5 11.c4 Nxf4 12.Nxf4 O-O 13.Qd3 Bf6 14.Rfd1 Nxd4 15.Nxd4 Qxd4
16.Qxd4 Bxd4 17.Rxd4 e5 18.Re4 exf4 19.Rxf4 c6 20.c5 Rd8 21.Rb4 Kf8 22.Bf3 a5
23.Rb6 a4 24.a3 Ra5 25.Rc1 Rd2 26.Rb4 Ke7 27.Re4+ Kd8 28.Re2  1/2-1/2

[Event "4th Kesarovski - Georgiev Memorial"]
[Site "Sunny Beach BUL"]
[Date "2005.09.19"]
[Round "4"]
[White "Angelov,K"]
[Black "Draganova,P"]
[Result "1-0"]
[WhiteElo "2232"]
[BlackElo "2069"]

1.e4 d5 2.exd5 Qxd5 3.Nc3 Qd8 4.Bc4 Nf6 5.d4 c6 6.Nf3 Bf5 7.O-O e6 8.Ne5 Nbd7
9.f4 h5 10.a4 Bb4 11.Ne2 h4 12.c3 Be7 13.a5 Qc7 14.b4 Nd5 15.b5 c5 16.b6 axb6
17.Bb5 Nf6 18.axb6 Qc8 19.Ra7 Rxa7 20.bxa7 Be4 21.Qa4 b6 22.Nxd7 Nxd7 23.Bxd7+  1-0

[Event "Geller mem Open A"]
[Site "Odessa UKR"]
[Date "2005.09.20"]
[Round "6"]
[White "Arutyunova,D"]
[Black "Miljutin,O"]
[Result "1/2-1/2"]
[WhiteElo "2338"]
[BlackElo "2171"]

1.e4 d5 2.exd5 Qxd5 3.Nc3 Qd6 4.d4 Nf6 5.Nf3 a6 6.Be3 b5 7.Ng5 Bb7 8.f3 e6
9.Qd2 Be7 10.Bd3 O-O 11.O-O-O Qd8 12.Nce4 Nbd7 13.Kb1 Rc8 14.h4 Bxe4 15.fxe4 e5
16.Nf3 Ng4 17.Bg1 c5 18.Be2 c4 19.dxe5 Ndxe5 20.Qf4 Qc7 21.Nd4 h5 22.Nf5 Bf6
23.Ne3 Rfe8 24.Nd5 Qc6 25.Bd4 Ng6 26.Qd2 Bxd4 27.Qxd4 Qc5 28.Bxg4 Qxd4 29.Rxd4 hxg4
30.h5 Ne5 31.Rdd1 Rc6 32.Rdf1 Kf8 33.Rf5  1/2-1/2

[Event "EYb18"]
[Site "Herceg Novi SCG"]
[Date "2005.09.21"]
[Round "7"]
[White "Fossati,R"]
[Black "McPhillips,K"]
[Result "1-0"]
[WhiteElo "2133"]
[BlackElo "2225"]

1.e4 d5 2.exd5 Qxd5 3.Nc3 Qd6 4.d4 Nf6 5.Nf3 a6 6.g3 Bg4 7.Bg2 Nc6 8.O-O O-O-O
9.d5 Nb4 10.h3 Bh5 11.Bf4 Qc5 12.Be3 Qa5 13.g4 Bg6 14.Nd4 Nbxd5 15.Nb3 Qb4
16.Nxd5 Nxd5 17.Bxd5 c6 18.Bd2 Qd6 19.Bg2 h5 20.Ba5  1-0

[Event "EYg16"]
[Site "Herceg Novi SCG"]
[Date "2005.09.21"]
[Round "7"]
[White "Daulyte,D"]
[Black "Khudaya,I"]
[Result "1-0"]
[WhiteElo "2195"]
[BlackElo "2043"]

1.e4 d5 2.exd5 Qxd5 3.Nc3 Qd6 4.d4 Nf6 5.Nf3 a6 6.g3 Bg4 7.Bg2 Nc6 8.Bf4 Qd7
9.O-O e6 10.h3 Bxf3 11.Qxf3 Be7 12.Rad1 O-O 13.d5 exd5 14.Nxd5 Nxd5 15.Rxd5 Qc8
16.c3 Rd8 17.Rfd1 Bf6 18.Qe4 Re8 19.Qc4 Ne5 20.Bxe5 Bxe5 21.Rd7 Rf8 22.Qg4 Bd6
23.R1xd6 cxd6 24.Bxb7 h5 25.Qa4 Qxd7 26.Qxd7 Ra7 27.Qc7  1-0

[Event "4th Kesarovski - Georgiev Memorial"]
[Site "Sunny Beach BUL"]
[Date "2005.09.21"]
[Round "6"]
[White "Yermishin,V"]
[Black "Draganova,P"]
[Result "0-1"]
[WhiteElo "2450"]
[BlackElo "2069"]

1.e4 d5 2.exd5 Qxd5 3.Nc3 Qd8 4.d4 c6 5.Nf3 Bf5 6.Bc4 e6 7.O-O Nf6 8.Re1 Be7
9.Bf4 Nbd7 10.Bd3 Bg4 11.h3 Bh5 12.Qe2 Qb6 13.g4 Bg6 14.Bd2 Qc7 15.a3 Bxd3
16.Qxd3 O-O-O 17.Qe2 Bd6 18.Ne5 Nxe5 19.dxe5 Bxe5 20.Bg5 Bd4 21.Qf3 h5 22.gxh5 Bxc3
23.Qxc3 Rxh5 24.Bxf6 gxf6 25.Re3 Rg5+ 26.Kf1 Qf4 27.Ke2 Rd4 28.Rf1 Rc4 29.Qd3 Rd5
30.Qh7 Rcd4 31.Rd3 Rxd3 32.cxd3 Re5+ 33.Kd1 Qf3+ 34.Kc1 Qe2 35.Rg1 Qxf2 36.Qg8+ Kc7
37.Qg3 Qxg3 38.Rxg3 Rg5 39.Rf3 f5 40.h4 Rh5 41.Rh3 Kd6 42.Kd2 Ke5 43.Ke3 c5
44.Rh2 f4+ 45.Kf3 Kf5 46.b4 cxb4 47.axb4 e5 48.Rh1 a6 49.Rh3 Rh6 50.Rh1 Rd6
51.Ke2 Rb6 52.h5 Kg5 53.Kf3 Rh6 54.Ke4 Rxh5 55.Rc1 Kf6 56.d4 exd4 57.Kxd4 Re5
58.Rc3 Kf5 59.Rc7 f6 60.Rxb7 Rb5  0-1